|
|
|
|
| LEADER |
00933cam a2200253 7i4500 |
| 001 |
0000065713 |
| 005 |
20220119090000.0 |
| 020 |
|
|
|a 9780367207007 (electronic book)
|
| 090 |
0 |
0 |
|a QA76.76.A65
|b B37 2020
|
| 100 |
1 |
|
|a Bao, Jianqiang
|
| 245 |
1 |
0 |
|a Android app-hook and plug-in technology
|c Jianqiang Bao.
|
| 264 |
|
|
|a Boca Raton, FL:
|b CRC Press,
|c 2020.
|
| 300 |
|
|
|a 1 online resource (xxv, 425 pages):
|b text file, PDF.
|
| 336 |
|
|
|a text
|2 rdacontent
|
| 337 |
|
|
|a computer
|2 rdamedia
|
| 338 |
|
|
|a online resource
|2 rdacarrier
|
| 650 |
|
0 |
|a Android (Electronic resource)
|
| 650 |
|
0 |
|a Mobile computing
|
| 650 |
|
0 |
|a Application software --
|x Development
|
| 655 |
|
0 |
|a Electronic books
|
| 856 |
4 |
2 |
|u http://library.unisel.edu.my/web/guest/mylibrary
|
| 997 |
|
|
|a Communication, Visual Art & Computing, Faculty
|b Computing, Department
|
| 998 |
|
|
|a Mobile Technology, Diploma
|
| 999 |
|
|
|a EBO0010341
|b EBOOK
|c EBOOK
|e Electronic resources
|